000 00247nam a2200097Ia 4500
001 1250651
005 20251031150900.0
008 251031s9999 xx 000 0 und d
245 0 _cOKTAY SİNANOĞLU
_aD-4 ADAM
260 _bBİLİM GÖNÜL YAYINLARI
999 _c1250651
_d1250651